Sportifs de A à Z en images - Statistiques

Statistiques générales
  • Ce quiz a été pris 2 328 fois
  • Le résultat moyen est 14 sur 26
Statistiques - réponses
Par images Hint Réponse % Correct
B Usain Bolt
99%
A Mohamed Ali
95%
N Rafael Nadal
94%
F Roger Federer
93%
R Teddy Rinner
93%
C Sébastien Chabal
89%
L Félix Lebrun
87%
J Michael Jordan
86%
M Laure Manaudou
85%
K Nikola Karabatic
80%
W Tiger Woods
71%
G Rudy Gobert
61%
P Tadej Pogacar
58%
O Naomi Osaka
51%
Y Tony Yoka
48%
Q Nairo Quintana
40%
S Maria Sharapova
36%
H Justine Henin
35%
I Kyrie Irving
35%
E Remco Evenepoel
28%
U Kamaru Usman
18%
T Nafissatou Thiam
12%
X Liu Xiang
6%
D Tirunesh Dibaba
3%
V Vincent Vanasch
2%
Z Ning Zetao
1%
Aucun quiz correspondant
Distribution des résultats
% des personnes avec chaque résultat
Percentile par nombre de réponses
Votre historique - résultats
Vous n’avez pas pris ce quiz